| 000 | 00405nam a2200157Ia 4500 | ||
|---|---|---|---|
| 008 | 230917s9999||||xx |||||||||||||| ||und|| | ||
| 020 | _cRS40 | ||
| 040 |
_e9365 _aMAIN |
||
| 041 | _aEnglish | ||
| 082 | _a327.470.73 M691I | ||
| 100 | _aMisra, K.K | ||
| 245 | 0 | _aInternational politics: with Focus on Soviet-American Relations | |
| 260 |
_aDelhi _bPragati _c1977 |
||
| 300 | _avi, 437 p. | ||
| 942 | _cBK | ||
| 999 |
_c190641 _d190641 |
||